|
|
|
|
| LEADER |
01617nam a2200421 a 4500 |
| 001 |
EBC1245148 |
| 003 |
MiAaPQ |
| 005 |
20200520144314.0 |
| 006 |
m o d | |
| 007 |
cr cn||||||||| |
| 008 |
150303s2013 njua sb 001 0 eng d |
| 020 |
|
|
|z 9781118531730
|
| 020 |
|
|
|z 9781118659724 (Mobi)
|
| 020 |
|
|
|a 9781118659786 (electronic bk.)
|
| 020 |
|
|
|a 9781118659762 (electronic bk.)
|
| 035 |
|
|
|a (MiAaPQ)EBC1245148
|
| 035 |
|
|
|a (Au-PeEL)EBL1245148
|
| 035 |
|
|
|a (CaPaEBR)ebr10731751
|
| 035 |
|
|
|a (CaONFJC)MIL504426
|
| 035 |
|
|
|a (OCoLC)828724592
|
| 040 |
|
|
|a MiAaPQ
|c MiAaPQ
|d MiAaPQ
|
| 050 |
|
4 |
|a HG6024.A3
|b .D35 2013
|
| 082 |
0 |
4 |
|a 332.64/5
|2 23
|
| 100 |
1 |
|
|a Dalton, James F.
|
| 245 |
1 |
0 |
|a Mind over markets
|h [electronic resource]
|b power trading with market generated information /
|c James F. Dalton, Eric T. Jones, Robert B. Dalton.
|
| 250 |
|
|
|a 2nd ed.
|
| 260 |
|
|
|a Hoboken, N.J. :
|b Wiley,
|c c2013.
|
| 300 |
|
|
|a 1 online resource (xviii, 350 p.) :
|b ill.
|
| 490 |
0 |
|
|a Wiley trading series
|
| 504 |
|
|
|a Includes bibliographical references and index.
|
| 533 |
|
|
|a Electronic reproduction. Ann Arbor, MI : ProQuest, 2016. Available via World Wide Web. Access may be limited to ProQuest affiliated libraries.
|
| 588 |
|
|
|a Description based on online resource; title from title page (ebrary, viewed July 19, 2013).
|
| 650 |
|
0 |
|a Futures.
|
| 655 |
|
4 |
|a Electronic books.
|
| 700 |
1 |
|
|a Jones, Eric T.
|q (Eric Thomas)
|
| 700 |
1 |
|
|a Dalton, Robert B.
|
| 710 |
2 |
|
|a ProQuest (Firm)
|
| 856 |
4 |
0 |
|u https://ebookcentral.proquest.com/lib/matrademy/detail.action?docID=1245148
|z Click to View
|